000 00568nam a2200217Ia 4500
003 OSt
005 20220918231530.0
006 a|||||r|||| 00| 0
007 ta
008 220917b |||||||| |||| 00| 0 eng d
024 _a304,449
037 _cTextual
040 _aARTS
_cARTS
_beng
041 _2eng
_aeng
082 _aO32,3x, 1591L5
100 _aSamala Keshab Chandra
_9154950
245 0 _aPattummara chheli o bolyakala sathi
260 _c1974
942 _hO32,3x, 1591L5
_cTEXL
_2CC
999 _c291567
_d291567